Exposición Nacional Vinícola de 1877 (Record no. 190187)

MARC details
000 -LEADER
campo de control de longitud fija 00762nam a2200169 i 4500
001 - NÚMERO DE CONTROL
campo de control 190187
003 - IDENTIFICADOR DE NÚMERO DE CONTROL
campo de control ES-MaACL
005 - FECHA Y HORA DE LA ÚLTIMA TRANSACCIÓN
campo de control 20230906223647.0
008 - DATOS DE LONGITUD FIJA--INFORMACIÓN GENERAL
campo de control de longitud fija 200909s1877 sp |||| | spa d
111 0# - ENTRADA PRINCIPAL--NOMBRE DE CONGRESO/REUNIÓN
Nombre de congreso/reunión o jurisdicción como elemento de entrada Exposición Nacional Vinícola (
Fecha del congreso o de la firma del tratado 1877.
Sede del congreso/Lugar de la reunión Madrid)
9 (RLIN) 708
245 10 - MENCIÓN DEL TÍTULO
Título Exposición Nacional Vinícola de 1877
Resto del título : idea general de las salas e instalaciones.
260 ## - PUBLICACIÓN, DISTRIBUCIÓN, ETC.
Lugar de publicación, distribución, etc. [S.l.] :
Nombre del editor, distribuidor, etc. [s.n.],
Fecha de publicación, distribución, etc. 1877 (
Lugar de fabricación/manufactura Madrid :
Fabricante Imp., Estereotipia y Galvanoplastia de Aribau y Cª)
300 ## - DESCRIPCIÓN FÍSICA
Extensión [1] h. pleg. de plano, 29 p. ;
Dimensiones 21 cm.
500 ## - NOTA GENERAL
Nota general "Capítulo que forma parte de los preliminares del catálogo general, adicionado con un resumen provisional del número de expositores"
650 #4 - PUNTO DE ACCESO ADICIONAL DE MATERIA--TÉRMINO DE MATERIA
Término de materia o nombre geográfico como elemento de entrada Industria vitivinícola-
Subdivisión geográfica España.
9 (RLIN) 170300
852 ## - LOCALIZACIÓN
Ubicación ES-MaACL
Número de control de estantería T-679-4
Holdings
Estatus retirado Estado de pérdida Estado de daño No para préstamo Colección Biblioteca de origen Biblioteca actual Ubicación en estantería Fecha de adquisición Fuente de adquisición Total de préstamos Signatura topográfica completa Código de barras Visto por última vez Precio de reemplazo Tipo de ítem Koha
        Colección de folletos Biblioteca del Ateneo de Madrid Biblioteca del Ateneo de Madrid Depósito folletos 14/05/2005     T-679-F-4 1201947 23/02/2023 23/02/2023 Folleto